000
00296nam a2200133Ia 4500
008
231129s1978||||xx |||||||||||||| ||spa||
040
_b
spa
082
_a
B869 F151
100
_a
Fagundes Telles Lygia
245
0
_a
Las meninas
260
_c
1978
264
_a
Sudamericana
942
_2
ddc
_c
BKS
999
_c
18843
_d
18843